Mexican crafts and craftspeople (Record no. 9892)

MARC details
000 -CABECERA
campo de control de longitud fija 00766nam a2200253 a 4500
001 - NÚMERO DE CONTROL
campo de control BRL_1080
005 - FECHA Y HORA DE LA ÚLTIMA TRANSACCIÓN
campo de control 20190320211027.0
008 - DATOS DE LONGITUD FIJA--INFORMACIÓN GENERAL
campo de control de longitud fija 081113s1987----u--o######---#000-0#eng-#
020 ## - NÚMERO INTERNACIONAL ESTÁNDAR DEL LIBRO
Número Internacional Estándar del Libro 087982512X
041 ## - CÓDIGO DE LENGUA
Código de lengua del texto/banda sonora o título independiente eng
044 ## - CÓDIGO DEL PAÍS DE LA ENTIDAD EDITORA/PRODUCTORA
Código MARC del país u
050 #4 - SIGNATURA TOPOGRÁFICA DE LA BIBLIOTECA DEL CONGRESO
Número de clasificación TT28
Número de documento/Ítem .H37 1987
100 1# - ENTRADA PRINCIPAL--NOMBRE DE PERSONA
Nombre de persona Harvey, Marian
9 (RLIN) 25760
245 10 - MENCIÓN DE TÍTULO
Título Mexican crafts and craftspeople
Mención de responsabilidad, etc. Marian Harvey ; photographs by Ken Harvey.
260 ## - PUBLICACIÓN, DISTRIBUCIÓN, ETC.
Lugar de publicación, distribución, etc. Philadelphia
Nombre del editor, distribuidor, etc. Art Alliance Press
Fecha de publicación, distribución, etc. 1987
300 ## - DESCRIPCIÓN FÍSICA
Extensión 213 p.
Otras características físicas il. algunas a color., mapas
Dimensiones 29 cm.
500 ## - NOTA GENERAL
Nota general Au1217
500 ## - NOTA GENERAL
Nota general Incluye una carta con reseña del libro firmada por la autora.
650 14 - PUNTO DE ACCESO ADICIONAL DE MATERIA--TÉRMINO DE MATERIA
Término de materia o nombre geográfico como elemento de entrada Artesanías
Subdivisión geográfica México
9 (RLIN) 3976
650 14 - PUNTO DE ACCESO ADICIONAL DE MATERIA--TÉRMINO DE MATERIA
Término de materia o nombre geográfico como elemento de entrada Artesanos
Subdivisión geográfica México
9 (RLIN) 426
700 1# - PUNTO DE ACCESO ADICIONAL--NOMBRE DE PERSONA
Nombre de persona Harvey, Ken
Término indicativo de función/relación il.
9 (RLIN) 25761
902 ## - CATALOGADOR
Iniciales GRL
942 ## - ELEMENTOS DE PUNTO DE ACCESO ADICIONAL (KOHA)
Fuente del sistema de clasificación o colocación Library of Congress Classification
Tipo de ítem Koha Libros
Holdings
Estado de retiro Estado de pérdida Estado dañado No para préstamo Localización permanente Ubicación/localización actual Fecha de adquisición Número de inventario Total de préstamos Signatura topográfica completa Código de barras Fecha visto por última vez Precio válido a partir de Tipo de ítem Koha
El ejemplar forma parte de la colección y puede ser consultado según las políticas vigentes.       Biblioteca Centro de Estudios Ruth D. Lechuga Biblioteca Centro de Estudios Ruth D. Lechuga 08/11/2013 Au1217   TT28 .H37 1987 (Au1217) GRL01175 22/03/2019 22/03/2019 Libros